| Tag |
First Indicator |
Second Indicator |
Subfields |
| LEADER |
00000cam a2200000 a 4500 |
| 001 |
in00000073528 |
| 005 |
20151008053516.0 |
| 008 |
810519s1979 nyu 00010 eng |
| 010 |
|
|
|a 81462550
|
| 035 |
|
|
|a (OCoLC)06169385
|
| 035 |
|
|
|9 AAH7668AM
|
| 039 |
0 |
|
|a 2
|b 3
|c 3
|d 3
|e 3
|
| 040 |
|
|
|a DLC
|c DLC
|d TXA
|d UtOrBLW
|
| 049 |
|
|
|a TXAM
|c [1387099]
|
| 050 |
0 |
0 |
|a PS3552.R72
|b C5
|
| 082 |
0 |
|
|a 811/.52
|2 19
|
| 100 |
1 |
|
|a Brown, Spencer,
|d 1909-1989.
|
| 245 |
1 |
0 |
|a Child's game, on a journey and other poems /
|c Spencer Brown.
|
| 264 |
|
1 |
|a New Rochelle, N.Y. :
|b Elizabeth Press ;
|c [1979]
|
| 264 |
|
2 |
|a Kensington, CA :
|b Distributed by SBD--Small Press Distribution,
|
| 264 |
|
4 |
|c ©1979
|
| 300 |
|
|
|a 71 pages ;
|c 24 cm.
|
| 336 |
|
|
|a text
|b txt
|2 rdacontent
|
| 337 |
|
|
|a unmediated
|b n
|2 rdamedia
|
| 338 |
|
|
|a volume
|b nc
|2 rdacarrier
|
| 999 |
|
|
|a MARS
|
| 999 |
f |
f |
|s f44b6b91-a88c-37ec-bfb4-39229effbff3
|i db924107-55cd-3c94-853e-3e3513a2781e
|t 0
|
| 952 |
f |
f |
|p ric
|a Texas A&M University
|b Rellis Campus
|c Joint Library Facility
|d Remote Storage
|t 0
|e PS3552.R72 C5
|h Library of Congress classification
|i unmediated -- volume
|m A14806191953
|
| 998 |
f |
f |
|a PS3552.R72 C5
|t 0
|l Remote Storage
|